[Event "Ostravsky konik 2010 MCR Open"]
[Site "Ostrava"]
[Date "2010.05.02"]
[Round "2.15"]
[White "Ramik, Zdenek"]
[Black "Kulhanek, Tomas"]
[Result "1-0"]
[WhiteElo "2267"]
[BlackElo "2428"]
[Annotator "www.nss.cz"]
[PlyCount "85"]
[EventDate "2010.05.09"]
[EventType "swiss"]
[EventCountry "CZE"]

1. e4 c5 2. Nc3 a6 3. g3 b5 4. Bg2 Bb7 5. d3 e6 6. a4 b4 7. Nb1 Nf6 8. Nd2 Be7
9. Ngf3 d5 10. Qe2 Nc6 11. O-O Qc7 12. Re1 a5 13. e5 Nd7 14. h4 h6 15. Nf1 Nd4
16. Nxd4 cxd4 17. Nh2 b3 18. Qg4 bxc2 19. Qxg7 O-O-O 20. Qxf7 Nc5 21. Ra3 Kb8
22. Qh5 Qb6 23. Qe2 Nb3 24. Qxc2 Bxa3 25. bxa3 Rc8 26. Qb1 Ka7 27. Bf4 Nc5 28.
Qxb6+ Kxb6 29. Rb1+ Ka7 30. Nf3 Ba6 31. Nxd4 Bxd3 32. Rd1 Bc4 33. Be3 Ka6 34.
Bh3 Nxa4 35. Nxe6 Nc3 36. Rd2 Kb5 37. Nd4+ Ka4 38. Bxc8 Rxc8 39. Bxh6 Rb8 40.
e6 Nb1 41. Bf4 Re8 42. Rb2 Nxa3 43. Rb8 1-0

[Event "Ostravsky konik 2010 MCR Open"]
[Site "Ostrava"]
[Date "2010.05.02"]
[Round "2.16"]
[White "Orsag, Milan"]
[Black "Sikora Lerch, Jan"]
[Result "1-0"]
[WhiteElo "2419"]
[BlackElo "2205"]
[Annotator "www.nss.cz"]
[PlyCount "79"]
[EventDate "2010.05.09"]
[EventType "swiss"]
[EventCountry "CZE"]

1. d4 c5 2. d5 Nf6 3. c4 e6 4. Nc3 exd5 5. cxd5 d6 6. Nf3 g6 7. Nd2 Bg7 8. e4
O-O 9. Be2 b6 10. O-O Ba6 11. Bxa6 Nxa6 12. Nc4 Qd7 13. Bf4 b5 14. Nxd6 b4 15.
Ne2 Nh5 16. Nc4 Rfe8 17. Qd3 Qg4 18. g3 Nxf4 19. Nxf4 Nc7 20. Rad1 Nb5 21. Rfe1
Nd4 22. Kg2 Qd7 23. Ne2 h5 24. Nxd4 Bxd4 25. Qf3 Rad8 26. b3 a5 27. Nxa5 Ra8
28. Nc6 Bc3 29. Re2 Ra6 30. Rc2 Qd6 31. Qd3 Rxc6 32. dxc6 Qxc6 33. Qd5 Qxd5 34.
Rxd5 Bd4 35. e5 Ra8 36. f4 Kf8 37. Kf3 Ke7 38. Ke4 f6 39. Rd6 Ra5 40. Rxf6 1-0

[Event "Ostravsky konik 2010 MCR Open"]
[Site "Ostrava"]
[Date "2010.05.02"]
[Round "2.17"]
[White "Seidl, Stepan"]
[Black "Blatny, Pavel"]
[Result "1-0"]
[WhiteElo "2052"]
[BlackElo "2409"]
[Annotator "www.nss.cz"]
[PlyCount "73"]
[EventDate "2010.05.09"]
[EventType "swiss"]
[EventCountry "CZE"]

1. e4 e5 2. Nf3 Nc6 3. Bb5 Nge7 4. O-O a6 5. Bc4 Ng6 6. d4 Be7 7. dxe5 Ncxe5 8.
Nxe5 Nxe5 9. Bb3 Bc5 10. Bf4 Qe7 11. Nc3 c6 12. Kh1 d6 13. Qd2 Be6 14. Bg3 h5
15. Bxe5 dxe5 16. Bxe6 Qxe6 17. Na4 Be7 18. Qe3 Qd6 19. Rad1 Qb4 20. b3 b5 21.
Nb2 Qc5 22. Qg3 O-O 23. Nd3 Qxc2 24. Rc1 Qxa2 25. Nxe5 Bd6 26. f4 Bxe5 27. fxe5
Rac8 28. Rf5 Qe2 29. Rg5 Rcd8 30. h3 Kh8 31. Kh2 Rd2 32. Rxg7 Qxe4 33. Rf1 h4
34. Qc3 Kxg7 35. Qxd2 Qxe5+ 36. Kh1 Re8 37. Qf2 1-0

[Event "Ostravsky konik 2010 MCR Open"]
[Site "Ostrava"]
[Date "2010.05.02"]
[Round "2.18"]
[White "Plat, Vojtech"]
[Black "Olsarova, Karolina"]
[Result "1-0"]
[WhiteElo "2401"]
[BlackElo "2191"]
[Annotator "www.nss.cz"]
[PlyCount "57"]
[EventDate "2010.05.09"]
[EventType "swiss"]
[EventCountry "CZE"]

1. e4 e5 2. f4 exf4 3. Nf3 d5 4. exd5 Ne7 5. c4 Ng6 6. d4 Be7 7. Bd3 Bh4+ 8.
Kf1 O-O 9. Nc3 Bg4 10. Be2 Bf5 11. Bd3 Bg4 12. Bd2 c6 13. Be2 Bf5 14. Qc1 cxd5
15. Nxd5 Nc6 16. Bxf4 Be4 17. Nxh4 Nxh4 18. Bg5 Bxg2+ 19. Kf2 f6 20. Bxh4 Bxh1
21. Qxh1 Nxd4 22. Bd3 Qd6 23. Bg3 Qe6 24. Re1 Qh3 25. Ne7+ Kh8 26. Re4 Nf5 27.
Qf3 Nxg3 28. hxg3 Qd7 29. Rh4 1-0

[Event "Ostravsky konik 2010 MCR Open"]
[Site "Ostrava"]
[Date "2010.05.02"]
[Round "2.19"]
[White "Pacl, Vaclav"]
[Black "Stocek, Jiri"]
[Result "0-1"]
[WhiteElo "2263"]
[BlackElo "2593"]
[Annotator "www.nss.cz"]
[PlyCount "120"]
[EventDate "2010.05.09"]
[EventType "swiss"]
[EventCountry "CZE"]

1. e4 c5 2. Nc3 a6 3. g3 b5 4. Bg2 Bb7 5. d3 e6 6. Nf3 d6 7. O-O Nd7 8. Bf4 h6
9. Qe2 b4 10. Nd1 Ngf6 11. h3 Be7 12. g4 c4 13. Ne3 cxd3 14. cxd3 Nc5 15. Rfd1
O-O 16. Nf1 d5 17. Ng3 dxe4 18. dxe4 Qb6 19. Ne5 Rfd8 20. Nc4 Qb5 21. b3 a5 22.
f3 a4 23. Qc2 axb3 24. axb3 Rxa1 25. Rxa1 Nd3 26. Be3 Bc5 27. Nf1 Nf4 28. Ra5
Bxe3+ 29. Nfxe3 Qc6 30. Bf1 Ba6 31. Ra1 Bxc4 32. Nxc4 g5 33. Qb2 Nd7 34. Rd1
Rb8 35. h4 Qc5+ 36. Kh2 Nb6 37. hxg5 hxg5 38. Qd4 Qxd4 39. Rxd4 Nxc4 40. Rxc4
Kg7 41. Kg3 Kf6 42. Kf2 Ng6 43. Ke3 Ne5 44. Rc5 Nd7 45. Rc7 Ke7 46. Be2 Kd6 47.
Rc4 Ne5 48. Rc2 Ra8 49. Rd2+ Ke7 50. Rc2 Ra3 51. Rb2 Ra1 52. Kd4 Kd6 53. Ke3
Rc1 54. Rd2+ Ke7 55. Bd1 Rc3+ 56. Kf2 Nd3+ 57. Kg2 Kf6 58. Kg3 Ke5 59. Be2 Nc5
60. Bc4 Nxe4+ 0-1

[Event "Ostravsky konik 2010 MCR Open"]
[Site "Ostrava"]
[Date "2010.05.02"]
[Round "2.20"]
[White "Zilka, Stepan"]
[Black "Danes, Jaroslav"]
[Result "0-1"]
[WhiteElo "2509"]
[BlackElo "2261"]
[Annotator "www.nss.cz"]
[PlyCount "80"]
[EventDate "2010.05.09"]
[EventType "swiss"]
[EventCountry "CZE"]

1. d4 d5 2. c4 c6 3. Nf3 Nf6 4. Nc3 e6 5. Bg5 dxc4 6. e4 b5 7. e5 h6 8. Bh4 g5
9. Nxg5 hxg5 10. Bxg5 Nbd7 11. exf6 Bb7 12. g3 Qb6 13. Bg2 O-O-O 14. O-O c5 15.
d5 b4 16. Na4 Qb5 17. a3 exd5 18. axb4 cxb4 19. Be3 Nc5 20. Nxc5 Bxc5 21. Qg4+
Rd7 22. Bxc5 Qxc5 23. Rfe1 Kc7 24. Re7 Rhd8 25. Rxd7+ Rxd7 26. h4 b3 27. h5 Rd8
28. h6 d4 29. Bxb7 Kxb7 30. Qe4+ Kb6 31. h7 c3 32. bxc3 b2 33. Rd1 Qxc3 34. Qe7
Rc8 35. Qd6+ Kb7 36. Qd5+ Kb6 37. Qa2 Qc2 38. Rf1 d3 39. h8=Q Rxh8 40. Rb1 Qc1+
0-1

[Event "Ostravsky konik 2010 MCR Open"]
[Site "Ostrava"]
[Date "2010.05.02"]
[Round "2.23"]
[White "Malik, Jan"]
[Black "Konopka, Michal"]
[Result "0-1"]
[WhiteElo "2232"]
[BlackElo "2458"]
[Annotator "www.nss.cz"]
[PlyCount "46"]
[EventDate "2010.05.09"]
[EventType "swiss"]
[EventCountry "CZE"]

1. e4 Nf6 2. e5 Nd5 3. c4 Nb6 4. c5 Nd5 5. Nc3 e6 6. Bc4 c6 7. d4 b6 8. cxb6
axb6 9. Nf3 Be7 10. O-O Ba6 11. Bxa6 Nxa6 12. Ne4 O-O 13. a3 f5 14. exf6 gxf6
15. Qd3 Kh8 16. Nc3 Nac7 17. Nd2 Rg8 18. Nxd5 Nxd5 19. Ne4 Qe8 20. Nc3 Qh5 21.
Nxd5 Qxd5 22. g3 Bd6 23. Re1 Rg4 0-1

[Event "Ostravsky konik 2010 MCR Open"]
[Site "Ostrava"]
[Date "2010.05.02"]
[Round "2.24"]
[White "Nemcova, Katerina"]
[Black "Hausner, Ivan"]
[Result "1/2-1/2"]
[WhiteElo "2247"]
[BlackElo "2451"]
[Annotator "www.nss.cz"]
[PlyCount "42"]
[EventDate "2010.05.09"]
[EventType "swiss"]
[EventCountry "CZE"]

1. e4 e6 2. d4 d5 3. Nc3 Be7 4. Nf3 Nf6 5. Bd3 b6 6. O-O O-O 7. Re1 dxe4 8.
Nxe4 Nbd7 9. Nxf6+ Nxf6 10. Bg5 Bb7 11. c3 c5 12. Bf1 Qc7 13. Bh4 Rfd8 14. Bg3
Qc8 15. Re3 Bd6 16. Qa4 Bxg3 17. hxg3 Qc7 18. dxc5 bxc5 19. Ne5 Nd7 20. Nxd7
Rxd7 21. Rd1 Rxd1 1/2-1/2

[Event "Ostravsky konik 2010 MCR Open"]
[Site "Ostrava"]
[Date "2010.05.02"]
[Round "2.25"]
[White "Valickova, Martina"]
[Black "Biolek, Richard ml"]
[Result "0-1"]
[WhiteElo "2072"]
[BlackElo "2405"]
[Annotator "www.nss.cz"]
[PlyCount "60"]
[EventDate "2010.05.09"]
[EventType "swiss"]
[EventCountry "CZE"]

1. e4 Nc6 2. Nf3 e5 3. d4 exd4 4. Nxd4 Nf6 5. Nc3 Bb4 6. Nxc6 bxc6 7. Bd3 d5 8.
exd5 cxd5 9. O-O O-O 10. Bg5 c6 11. Qf3 Be7 12. Rae1 Rb8 13. Nd1 Rb4 14. h3 h6
15. Bd2 Rh4 16. Qg3 Nh5 17. Qf3 f5 18. Ne3 f4 19. Ng4 Bxg4 20. hxg4 Ng3 21.
fxg3 Bc5+ 22. Be3 fxe3 23. gxh4 e2+ 24. Rf2 Bxf2+ 25. Qxf2 Rxf2 26. Kxf2 Qxh4+
27. Kxe2 Qxg4+ 28. Kf2 Qf4+ 29. Kg1 Qd4+ 30. Kh1 Qh4+ 0-1

[Event "Ostravsky konik 2010 MCR Open"]
[Site "Ostrava"]
[Date "2010.05.02"]
[Round "2.27"]
[White "Mudrak, Josef"]
[Black "Hladik, Lumir"]
[Result "1-0"]
[WhiteElo "2368"]
[BlackElo "2065"]
[Annotator "www.nss.cz"]
[PlyCount "71"]
[EventDate "2010.05.09"]
[EventType "swiss"]
[EventCountry "CZE"]

1. c4 Nf6 2. Nf3 e6 3. g3 b6 4. Bg2 Bb7 5. O-O c5 6. Nc3 Be7 7. d4 cxd4 8. Nxd4
Bxg2 9. Kxg2 O-O 10. e4 Nc6 11. b3 Bb4 12. Nde2 a6 13. Bb2 Qc7 14. a3 Be7 15.
Rc1 Rfd8 16. Nf4 Qb7 17. f3 b5 18. Ncd5 exd5 19. cxd5 Rac8 20. dxc6 dxc6 21.
Qe2 Rd7 22. Rf2 Ne8 23. h4 Bd8 24. Qc2 Bb6 25. Re2 Qa7 26. Nd5 Bd4 27. Bxd4
Qxd4 28. Qc5 Qd3 29. Rf2 Qxb3 30. Nb6 Rdc7 31. Nxc8 Rxc8 32. Rd2 h6 33. Rc3 Qb1
34. Rcd3 Qe1 35. Rd8 Kh7 36. Qf5+ 1-0

[Event "Ostravsky konik 2010 MCR Open"]
[Site "Ostrava"]
[Date "2010.05.02"]
[Round "2.28"]
[White "Zwardon, Vojtech"]
[Black "Olsar, Jaroslav"]
[Result "1-0"]
[WhiteElo "2205"]
[BlackElo "2317"]
[Annotator "www.nss.cz"]
[PlyCount "67"]
[EventDate "2010.05.09"]
[EventType "swiss"]
[EventCountry "CZE"]

1. e4 e5 2. Nf3 Nc6 3. Bc4 Nf6 4. Ng5 d5 5. exd5 Na5 6. Bb5+ c6 7. dxc6 bxc6 8.
Bd3 h6 9. Ne4 Nd5 10. a3 g6 11. b4 Nb7 12. Bb2 Bg7 13. Ba6 Rb8 14. O-O O-O 15.
Bxb7 Rxb7 16. Nc5 Re7 17. Nc3 Nf4 18. Ne2 Ne6 19. Nxe6 Bxe6 20. Re1 Rc7 21. d3
e4 22. Bxg7 Kxg7 23. Nf4 Bf5 24. Qc1 exd3 25. cxd3 Qf6 26. Qe3 Kh7 27. Rad1 Rd8
28. h3 g5 29. Nh5 Qg6 30. Qe5 Rd6 31. g4 Bxd3 32. Re3 Re6 33. Qxc7 Rd6 34.
Rexd3 1-0

[Event "Ostravsky konik 2010 MCR Open"]
[Site "Ostrava"]
[Date "2010.05.02"]
[Round "2.29"]
[White "Skliba, Martin"]
[Black "Cedikova, Katerina"]
[Result "1-0"]
[WhiteElo "2309"]
[BlackElo "2195"]
[Annotator "www.nss.cz"]
[PlyCount "87"]
[EventDate "2010.05.09"]
[EventType "swiss"]
[EventCountry "CZE"]

1. d4 Nf6 2. c4 g6 3. Nc3 Bg7 4. e4 d6 5. Bd3 O-O 6. Nge2 c5 7. d5 e6 8. b3
Nbd7 9. O-O exd5 10. cxd5 Re8 11. Ng3 a6 12. a4 Rb8 13. f4 Qc7 14. Bc2 b5 15.
axb5 axb5 16. e5 dxe5 17. f5 c4 18. fxg6 hxg6 19. Bg5 b4 20. Nce4 Nxe4 21. Nxe4
f5 22. Ng3 e4 23. d6 Qc5+ 24. Kh1 Bb2 25. Nxf5 gxf5 26. Qh5 Re6 27. Be7 Rxe7
28. dxe7 Qxe7 29. Rab1 Bg7 30. Qxf5 Nc5 31. Qf4 Rb6 32. Rbe1 Re6 33. Qb8 Qb7
34. Qg3 Nd3 35. Re3 c3 36. Bb1 Qb5 37. Qc7 Qc6 38. Qf7+ Kh7 39. Rf5 Rh6 40. Rg3
Nf2+ 41. Rxf2 Rg6 42. Rf4 Rxg3 43. Rh4+ Qh6 44. Bxe4+ 1-0

[Event "Ostravsky konik 2010 MCR Open"]
[Site "Ostrava"]
[Date "2010.05.02"]
[Round "2.31"]
[White "Umanec, Filip"]
[Black "Petr, Martin"]
[Result "0-1"]
[WhiteElo "2226"]
[BlackElo "2511"]
[Annotator "www.nss.cz"]
[PlyCount "94"]
[EventDate "2010.05.09"]
[EventType "swiss"]
[EventCountry "CZE"]

1. e4 c5 2. c3 d5 3. exd5 Qxd5 4. d4 Nc6 5. Nf3 Bg4 6. dxc5 Qxd1+ 7. Kxd1 e5 8.
b4 a5 9. Bb5 Nge7 10. Nbd2 O-O-O 11. a3 e4 12. h3 exf3 13. hxg4 fxg2 14. Rg1
Nd5 15. Kc2 axb4 16. axb4 Ndxb4+ 17. cxb4 Nd4+ 18. Kb2 Nxb5 19. Ra8+ Kd7 20.
Rxd8+ Kxd8 21. Rxg2 g6 22. Nf3 Bg7+ 23. Kb3 Kd7 24. Rg1 Kc6 25. g5 Rd8 26. Kc4
Rd5 27. Rh1 Nd6+ 28. cxd6 b5+ 29. Kb3 Rd3+ 30. Kc2 Rxf3 31. Be3 Be5 32. Kd3
Bxd6 33. Rxh7 Bxb4 34. Rh8 Rf5 35. Rc8+ Kb7 36. Rc2 Bd6 37. Ke4 b4 38. Ra2 Bc5
39. Ra4 Bxe3 40. Kxe3 Rb5 41. Kd2 Kc7 42. Ra7+ Rb7 43. Ra6 Kd7 44. Kc2 Rb5 45.
Kb3 Rf5 46. Ra2 Rf4 47. Re2 Kd6 0-1

[Event "Ostravsky konik 2010 MCR Open"]
[Site "Ostrava"]
[Date "2010.05.02"]
[Round "2.33"]
[White "Michenka, Jozef"]
[Black "Novotny, Jaroslav"]
[Result "1-0"]
[WhiteElo "2390"]
[BlackElo "2217"]
[Annotator "www.nss.cz"]
[PlyCount "117"]
[EventDate "2010.05.09"]
[EventType "swiss"]
[EventCountry "CZE"]

1. d4 c5 2. d5 Nf6 3. c4 e5 4. Nc3 d6 5. e4 Be7 6. Bd3 Nbd7 7. Nge2 Nf8 8. Ng3
Ng6 9. Nf5 O-O 10. g3 Re8 11. h4 Bf8 12. Ne3 Bd7 13. h5 Ne7 14. Qf3 h6 15. Bd2
a6 16. g4 Nh7 17. Qg3 Kh8 18. Ke2 Ng5 19. Nf5 Nxf5 20. gxf5 Be7 21. Rag1 Bf6
22. Rh4 b5 23. Rg4 Rb8 24. b3 bxc4 25. Bxc4 Bb5 26. Qd3 Qd7 27. Nd1 Bxc4 28.
Qxc4 Qb5 29. Nb2 Nh3 30. Rh1 Nf4+ 31. Kd1 Bg5 32. Rg3 Kg8 33. Rc3 Kf8 34. f3
Ke7 35. Rh2 Rb7 36. Kc2 Kf8 37. Be3 Ra8 38. a4 Qd7 39. Qf1 Rb4 40. Nc4 Rab8 41.
Qa1 Kg8 42. Bd2 Qd8 43. Re3 Nxd5 44. exd5 Bxe3 45. Bxb4 Qg5 46. Bc3 Qxf5+ 47.
Kb2 Qf4 48. Nxe3 Qxh2+ 49. Ka3 Qxh5 50. Qf1 Qg6 51. Qxa6 Qb1 52. Bb2 Rb4 53.
Qe2 e4 54. Qg2 g6 55. Qh3 Rxb3+ 56. Kxb3 Qd3+ 57. Ka2 Qa6 58. Qxh6 Qxa4+ 59.
Kb1 1-0

[Event "Ostravsky konik 2010 MCR Open"]
[Site "Ostrava"]
[Date "2010.05.02"]
[Round "2.34"]
[White "Pertlova, Sona"]
[Black "Kratochvil, Josef"]
[Result "1/2-1/2"]
[WhiteElo "2201"]
[BlackElo "2307"]
[Annotator "www.nss.cz"]
[PlyCount "59"]
[EventDate "2010.05.09"]
[EventType "swiss"]
[EventCountry "CZE"]

1. Nf3 Nf6 2. g3 g6 3. Bg2 Bg7 4. c4 d6 5. O-O O-O 6. d4 Nc6 7. Nc3 a6 8. d5
Na5 9. b3 c5 10. Bb2 Rb8 11. Nd2 b5 12. Qc2 e5 13. Rab1 Bf5 14. e4 Bd7 15. Nd1
Nh5 16. Ne3 Bh6 17. Rbe1 f6 18. Bc3 b4 19. Bb2 Qe8 20. Bf3 Nb7 21. Bxh5 gxh5
22. Nf5 Bxf5 23. exf5 h4 24. Re4 hxg3 25. hxg3 Bxd2 26. Qxd2 Qh5 27. g4 Qg5 28.
Qd3 Nd8 29. Kg2 Qg7 30. Bc1 1/2-1/2

[Event "Ostravsky konik 2010 MCR Open"]
[Site "Ostrava"]
[Date "2010.05.02"]
[Round "2.35"]
[White "Sobek, Jaroslav"]
[Black "Bartos, Jan"]
[Result "1-0"]
[WhiteElo "2303"]
[BlackElo "2201"]
[Annotator "www.nss.cz"]
[PlyCount "69"]
[EventDate "2010.05.09"]
[EventType "swiss"]
[EventCountry "CZE"]

1. d4 d5 2. Nf3 Nf6 3. g3 g6 4. Bg2 Bg7 5. c4 dxc4 6. Nbd2 c3 7. bxc3 O-O 8.
O-O c5 9. Ba3 cxd4 10. cxd4 Nc6 11. e3 Qa5 12. Qc1 Bf5 13. Qb2 Rab8 14. Rac1
Rfc8 15. Rfd1 b5 16. Bc5 Ne4 17. Nb3 Qd8 18. Nh4 Nxc5 19. Nxf5 Nxb3 20. axb3
gxf5 21. Bxc6 Qd6 22. Bf3 e6 23. Qa2 Qb6 24. d5 Be5 25. Rxc8+ Rxc8 26. dxe6
fxe6 27. Rd7 Rc7 28. Qd2 Qc5 29. Kg2 Bf6 30. b4 Qb6 31. Rd6 Qb8 32. Rxe6 Kg7
33. Qd6 Bd8 34. Qe5+ Kf8 35. Re8+ 1-0

[Event "Ostravsky konik 2010 MCR Open"]
[Site "Ostrava"]
[Date "2010.05.02"]
[Round "2.37"]
[White "Kapusta, Petr"]
[Black "Jedlicka, Ales"]
[Result "0-1"]
[WhiteElo "2186"]
[BlackElo "2293"]
[Annotator "www.nss.cz"]
[PlyCount "75"]
[EventDate "2010.05.09"]
[EventType "swiss"]
[EventCountry "CZE"]

1. e4 c5 2. Nf3 d6 3. d4 cxd4 4. Nxd4 Nf6 5. Nc3 a6 6. Bc4 e6 7. Bb3 Nbd7 8.
O-O Nc5 9. Qe2 Be7 10. f4 O-O 11. Kh1 Qc7 12. e5 dxe5 13. fxe5 Nfd7 14. Bf4 b5
15. Rf3 b4 16. Na4 Nxa4 17. Bxa4 Bb7 18. Rh3 g6 19. Bxd7 Qxd7 20. Qf2 Qd5 21.
Bh6 Rfd8 22. Rf1 Qxg2+ 23. Qxg2 Bxg2+ 24. Kxg2 Rxd4 25. Rhf3 Bf8 26. Bc1 Rd7
27. Bg5 Rc8 28. c3 h6 29. Bf6 Rd2+ 30. R1f2 bxc3 31. Rxc3 Rxf2+ 32. Kxf2 Bg7
33. Kf3 Bxf6 34. exf6 Kf8 35. h4 Ke8 36. Kg4 Kd7 37. Kf4 Kd6 38. Ke4 0-1

[Event "Ostravsky konik 2010 MCR Open"]
[Site "Ostrava"]
[Date "2010.05.02"]
[Round "2.38"]
[White "Vrana, Frantisek"]
[Black "Sochorova, Petra"]
[Result "1-0"]
[WhiteElo "2287"]
[BlackElo "2140"]
[Annotator "www.nss.cz"]
[PlyCount "55"]
[EventDate "2010.05.09"]
[EventType "swiss"]
[EventCountry "CZE"]

1. d4 c5 2. d5 d6 3. e4 Nf6 4. Nc3 e5 5. Nf3 Be7 6. Be2 O-O 7. O-O Ne8 8. Nd2
f5 9. Nc4 f4 10. Bg4 Nd7 11. a4 Ndf6 12. Bxc8 Qxc8 13. a5 Kh8 14. f3 Qd7 15.
Qe2 Bd8 16. Bd2 Nh5 17. Be1 Rf6 18. Nd2 Nc7 19. Qc4 Rg6 20. b4 cxb4 21. Qxb4
Rb8 22. Nc4 Qh3 23. Rf2 Qxh2+ 24. Kxh2 Ng3 25. Qxd6 Bf6 26. Qd7 Rd8 27. Qh3 Be7
28. Nxe5 1-0

[Event "Ostravsky konik 2010 MCR Open"]
[Site "Ostrava"]
[Date "2010.05.02"]
[Round "2.41"]
[White "Adamek, Jiri"]
[Black "Folkova, Martina"]
[Result "0-1"]
[WhiteElo "2254"]
[BlackElo "2128"]
[Annotator "www.nss.cz"]
[PlyCount "98"]
[EventDate "2010.05.09"]
[EventType "swiss"]
[EventCountry "CZE"]

1. d4 d5 2. c4 e6 3. Qc2 c6 4. Nf3 Nd7 5. g3 Bd6 6. Bg2 Ngf6 7. O-O O-O 8. Nbd2
Qe7 9. Re1 e5 10. dxe5 Nxe5 11. Nxe5 Qxe5 12. cxd5 cxd5 13. Nf3 Qh5 14. Be3 Ng4
15. Bd4 Be6 16. Qd2 f6 17. Rac1 Rfd8 18. Bc5 Be5 19. Bd4 Bd6 20. Be3 Nxe3 21.
Qxe3 Bf7 22. Nd4 a6 23. Red1 Be5 24. Bf3 Qh3 25. Qb3 Rd7 26. Qa4 Rad8 27. Rd2
h5 28. Nb3 Qf5 29. Rcd1 Bb8 30. Bg2 Ba7 31. e4 Qg4 32. Kh1 Bxf2 33. Rd3 h4 34.
Bf3 Qg5 35. exd5 hxg3 36. Kg2 b5 37. Qxa6 Qh4 38. h3 Bg6 39. Qe6+ Kh7 40. Rc3
Rd6 41. Qg4 Qh6 42. Be4 f5 43. Bxf5 Rf8 44. Rf3 Rxf5 45. Rxf5 Qe3 46. Rf4 Bc2
47. Rfd4 Rf6 48. Rf1 Bf5 49. Qh4+ Rh6 0-1

[Event "Ostravsky konik 2010 MCR Open"]
[Site "Ostrava"]
[Date "2010.05.02"]
[Round "2.42"]
[White "Kocur, Valter"]
[Black "Havlikova, Kristyna"]
[Result "0-1"]
[WhiteElo "2139"]
[BlackElo "2251"]
[Annotator "www.nss.cz"]
[PlyCount "34"]
[EventDate "2010.05.09"]
[EventType "swiss"]
[EventCountry "CZE"]

1. c4 Nf6 2. Nc3 d5 3. cxd5 Nxd5 4. g3 e5 5. Bg2 Nb6 6. Nf3 Nc6 7. O-O Be7 8.
d3 Be6 9. Be3 O-O 10. d4 exd4 11. Nxd4 Nxd4 12. Bxd4 c6 13. Ne4 Bd5 14. Be3 Qc7
15. Qc2 c5 16. Rac1 Qc6 17. Bf3 Rfd8 0-1

[Event "Ostravsky konik 2010 MCR Open"]
[Site "Ostrava"]
[Date "2010.05.02"]
[Round "2.43"]
[White "Novotny, Michal"]
[Black "Chlevistan, Jakub"]
[Result "1-0"]
[WhiteElo "2250"]
[BlackElo "2111"]
[Annotator "www.nss.cz"]
[PlyCount "91"]
[EventDate "2010.05.09"]
[EventType "swiss"]
[EventCountry "CZE"]

1. e4 e5 2. Nf3 Nf6 3. d4 Nxe4 4. Bd3 d5 5. dxe5 Be7 6. O-O O-O 7. c4 c6 8. Qc2
Bf5 9. Nc3 Na6 10. Bxe4 dxe4 11. Nxe4 Bg6 12. Qe2 Nb4 13. Bd2 Qd3 14. Rfe1 Rfd8
15. Bxb4 Bxb4 16. Qxd3 Rxd3 17. Re2 Rad8 18. h3 Bh5 19. a3 Be7 20. Re3 Rxe3 21.
fxe3 Bg6 22. Nf2 Bc5 23. Re1 a5 24. Kf1 Kf8 25. Ke2 Ke7 26. Rd1 Rxd1 27. Nxd1
Ke6 28. Nf2 Bb6 29. Nd3 Kf5 30. g4+ Ke6 31. Nf4+ Ke7 32. Nxg6+ hxg6 33. a4 Ke6
34. Kd3 f5 35. exf6 gxf6 36. Nh4 g5 37. Nf3 Bc5 38. Ke4 Bb4 39. Nd4+ Kf7 40.
Kf5 Bd2 41. e4 Bc1 42. b3 Bb2 43. Nf3 Ke7 44. e5 fxe5 45. Nxe5 Kd6 46. Nd3 1-0

[Event "Ostravsky konik 2010 MCR Open"]
[Site "Ostrava"]
[Date "2010.05.02"]
[Round "2.44"]
[White "Weissmann, Lukas"]
[Black "Mrva, Marek"]
[Result "1/2-1/2"]
[WhiteElo "2131"]
[BlackElo "2248"]
[Annotator "www.nss.cz"]
[PlyCount "23"]
[EventDate "2010.05.09"]
[EventType "swiss"]
[EventCountry "CZE"]

1. c4 c5 2. Nc3 Nc6 3. Nf3 g6 4. e3 Nf6 5. d4 cxd4 6. exd4 d6 7. Be2 Bg7 8. O-O
O-O 9. Be3 d5 10. Rc1 Bf5 11. cxd5 Nxd5 12. Qb3 1/2-1/2

[Event "Ostravsky konik 2010 MCR Open"]
[Site "Ostrava"]
[Date "2010.05.02"]
[Round "2.45"]
[White "Cizinsky, Petr"]
[Black "Folk, Petr"]
[Result "1-0"]
[WhiteElo "2124"]
[BlackElo "2244"]
[Annotator "www.nss.cz"]
[PlyCount "73"]
[EventDate "2010.05.09"]
[EventType "swiss"]
[EventCountry "CZE"]

1. e4 c5 2. Nf3 Nc6 3. d4 cxd4 4. Nxd4 Nf6 5. Nc3 e5 6. Ndb5 d6 7. Bg5 a6 8.
Na3 b5 9. Bxf6 gxf6 10. Nd5 Bg7 11. Bd3 Ne7 12. Nxe7 Qxe7 13. O-O O-O 14. c4 f5
15. Qh5 Rb8 16. exf5 e4 17. Rae1 Bb7 18. Qg4 Kh8 19. Bxe4 Rfe8 20. f3 Bxb2 21.
Nc2 Bc3 22. Bc6 Bxc6 23. Rxe7 Rxe7 24. Nd4 Bd7 25. Qf4 Re5 26. Rc1 b4 27. Kf2
Rbe8 28. g4 f6 29. Rd1 Ba4 30. Rd3 Be1+ 31. Kg2 Bh4 32. Ne6 R8xe6 33. fxe6 Bg5
34. Qd4 Rxe6 35. f4 Bc6+ 36. Kh3 Re4 37. Qxd6 1-0

[Event "Ostravsky konik 2010 MCR Open"]
[Site "Ostrava"]
[Date "2010.05.02"]
[Round "2.46"]
[White "Sikora, Jan"]
[Black "Vacek, Antonin"]
[Result "1-0"]
[WhiteElo "2238"]
[BlackElo "2092"]
[Annotator "www.nss.cz"]
[PlyCount "62"]
[EventDate "2010.05.09"]
[EventType "swiss"]
[EventCountry "CZE"]

1. e4 e6 2. d4 d5 3. e5 c5 4. c3 Qb6 5. Nf3 Bd7 6. a3 Nc6 7. b4 cxb4 8. cxb4
Rc8 9. Be3 Nh6 10. Bd3 Ng4 11. O-O Nxe3 12. fxe3 Be7 13. Nbd2 O-O 14. Nb3 Nd8
15. Qe2 a6 16. Rac1 Rxc1 17. Rxc1 f5 18. exf6 Bxf6 19. Qc2 h6 20. Qc7 Qxc7 21.
Rxc7 Be8 22. Nc5 Bc6 23. Bg6 Bb5 24. Nd7 Bxd7 25. Rxd7 h5 26. h4 Nf7 27. Rxb7
Nh6 28. Rb6 Ng4 29. Bxh5 Nxe3 30. Bg6 Ra8 31. Rxe6 Nc4 1-0

[Event "Ostravsky konik 2010 MCR Open"]
[Site "Ostrava"]
[Date "2010.05.03"]
[Round "3.3"]
[White "Babula, Vlastimil"]
[Black "Orsag, Milan"]
[Result "0-1"]
[WhiteElo "2536"]
[BlackElo "2419"]
[Annotator "www.nss.cz"]
[PlyCount "80"]
[EventDate "2010.05.09"]
[EventType "swiss"]
[EventCountry "CZE"]

1. d4 d5 2. c4 e6 3. Nf3 c5 4. cxd5 exd5 5. Nc3 Nc6 6. g3 Nf6 7. Bg2 Be7 8. O-O
O-O 9. Bg5 cxd4 10. Nxd4 h6 11. Be3 Re8 12. Qb3 Na5 13. Qc2 Bg4 14. Nf5 Rc8 15.
Bd4 Bc5 16. Bxc5 Rxc5 17. Ne3 d4 18. Rad1 Nc6 19. Nxg4 Nxg4 20. e3 Nge5 21. Qb3
d3 22. Qxb7 Qa5 23. Bxc6 Nxc6 24. Qd7 Rd8 25. Qg4 Ne5 26. Qe4 Rc4 27. Qg2 Rxc3
28. bxc3 d2 29. Qe4 Qxc3 30. Rb1 Nd3 31. Qe7 Rc8 32. Rfd1 Qc2 33. Qd7 Ne5 34.
Qd6 Qe4 35. Rb4 Nf3+ 36. Kh1 Nd4+ 37. Kg1 Rc1 38. Qb8+ Kh7 39. Rb1 Ne2+ 40. Kf1
Qh1+ 0-1

[Event "Ostravsky konik 2010 MCR Open"]
[Site "Ostrava"]
[Date "2010.05.03"]
[Round "3.4"]
[White "Plat, Vojtech"]
[Black "Polak, Tomas"]
[Result "1/2-1/2"]
[WhiteElo "2401"]
[BlackElo "2525"]
[Annotator "www.nss.cz"]
[PlyCount "83"]
[EventDate "2010.05.09"]
[EventType "swiss"]
[EventCountry "CZE"]

1. Nf3 Nf6 2. c4 b6 3. g3 Bb7 4. Bg2 e5 5. O-O e4 6. Nd4 Nc6 7. Nxc6 Bxc6 8.
Nc3 Bb4 9. Qc2 Qe7 10. b3 O-O 11. Bb2 Rfe8 12. a3 Bd6 13. d4 e3 14. f3 a5 15.
d5 Bb7 16. Ne4 Be5 17. Bxe5 Qxe5 18. Qd3 Nxe4 19. fxe4 d6 20. Rad1 Qb2 21. a4
Bc8 22. Qxe3 Qe5 23. Rf4 Bd7 24. Qf2 Re7 25. Rf1 Rf8 26. h4 f6 27. Kh2 Rfe8 28.
Qf3 Qd4 29. Kh1 Qe5 30. Kh2 Qd4 31. g4 Qe5 32. Kh1 h6 33. Bh3 Qd4 34. g5 Bxh3
35. gxf6 Bxf1 36. fxe7 Rxe7 37. Qxf1 Kh7 38. Rg4 Qe5 39. Kg2 g6 40. Qf8 Rg7 41.
Qf3 Re7 42. Qf8 1/2-1/2